Studies in American literature / (Record no. 17629)
[ view plain ]
| 000 -LEADER | |
|---|---|
| fixed length control field | 00868cam a22002531 4500 |
| 001 - CONTROL NUMBER | |
| control field | 17629 |
| 003 - CONTROL NUMBER IDENTIFIER | |
| rucl marc code | BD-RjUL |
| 005 - DATE AND TIME OF LATEST TRANSACTION | |
| control field | 20211209000153.0 |
| 008 - FIXED-LENGTH DATA ELEMENTS--GENERAL INFORMATION | |
| fixed length control field | 140217s1971 ii b 000 0 eng |
| 035 ## - SYSTEM CONTROL NUMBER | |
| System control number | (BD-RjUL)17687 |
| 040 ## - CATALOGING SOURCE | |
| Original cataloging agency | DLC |
| Transcribing agency | DLC |
| Modifying agency | DLC |
| Language of cataloging | eng |
| 041 ## - LANGUAGE CODE | |
| Language code of text/sound track or separate title | eng |
| 082 00 - DEWEY DECIMAL CLASSIFICATION NUMBER | |
| Classification number | 810.80052 |
| Author mark and year | OLS 1971 |
| 100 1# - MAIN ENTRY--PERSONAL NAME | |
| Personal name | Oliver, Egbert S. |
| Fuller form of name | (Egbert Samuel), |
| Dates associated with a name | 1902- |
| 9 (RLIN) | 54360 |
| 245 00 - TITLE STATEMENT | |
| Title | Studies in American literature / |
| Statement of responsibility, etc. | Edited, with an introd. by Egbert S. Oliver. Original selection by William J. Fisher [and others] |
| 260 ## - PUBLICATION, DISTRIBUTION, ETC. (IMPRINT) | |
| Place of publication, distribution, etc. | New Delhi : |
| Name of publisher, distributor, etc. | Eurasia Pub. House, |
| Date of publication, distribution, etc. | 1971. |
| 300 ## - PHYSICAL DESCRIPTION | |
| Pagination | 224 p. ; |
| Size | 24 cm. |
| 504 ## - BIBLIOGRAPHY, ETC. NOTE | |
| Bibliography, etc | Bibliography: p. [592]-595. |
| 650 #0 - SUBJECT ADDED ENTRY--TOPICAL TERM | |
| Topical term or geographic name as entry element | American literature |
| Chronological subdivision | 20th century. |
| 9 (RLIN) | 51595 |
| 651 #0 - SUBJECT ADDED ENTRY--GEOGRAPHIC NAME | |
| Geographic name | United States |
| General subdivision | Civilization |
| Chronological subdivision | 20th century |
| General subdivision | Literary collections. |
| 9 (RLIN) | 54255 |
| 942 ## - ADDED ENTRY ELEMENTS (KOHA) | |
| Source of classification or shelving scheme | Dewey Decimal Classification |
| Koha item type | Books |
| Lost status | Source of classification or shelving scheme | Damaged status | Not for loan | Collection code | Permanent Location | Current Location | Shelving location | Date acquired | Source of acquisition | Cost, normal purchase price | Total Checkouts | Full call number | Date last seen | Copy number | Koha item type |
|---|---|---|---|---|---|---|---|---|---|---|---|---|---|---|---|
| Dewey Decimal Classification | Fiction | Central Library, University of Rajshahi | Central Library, University of Rajshahi | 09/07/1976 | USIS | 0.00 | 810.80052 OLS 1971 | 17/02/2014 | C-3 | Books | |||||
| Dewey Decimal Classification | Not For Loan | Fiction | Central Library, University of Rajshahi | Central Library, University of Rajshahi | Reading Room | 13/08/1975 | U.S.I.S. Dacca | 0.00 | 810.80052 OLS 1971 | 22/02/2014 | C-1 | Books | |||
| Dewey Decimal Classification | Fiction | Central Library, University of Rajshahi | Central Library, University of Rajshahi | 18/07/1983 | Heffers Lib. Rajshahi | 37.00 | 810.80052 OLS 1971 | 22/02/2014 | C-4 | Books | |||||
| Dewey Decimal Classification | Non-fiction | Central Library, University of Rajshahi | Central Library, University of Rajshahi | 09/07/1976 | U. S. I. S. | 810.80052 OLS 1971 | 29/12/2019 | C-2 | Books |